| 000 | 00748nam a22002175i 4500 | ||
|---|---|---|---|
| 001 | 48317 | ||
| 003 | ES-MaACL | ||
| 005 | 20230906161731.0 | ||
| 007 | t| | ||
| 008 | 950711s1900 fr ||||1| fre d | ||
| 040 |
_aCAM _bspa _cCAM |
||
| 100 | 1 |
_aDamé, Frédéric. _942562 |
|
| 245 | 1 | 0 |
_aHistoire de la Roumanie comtemporaine depuis l'avénement des princes indigénes jusqu'a nos jours: 1822-1900 / _cpar Fréderic Damé. |
| 260 |
_aParis : _bFélix Alcan, _c1900. |
||
| 300 |
_aVII, 451 p., [1] h. de map. ; _c23 cm. |
||
| 490 | 1 | _aBibliothèque d'histoire contemporaine | |
| 651 | 4 |
_aRumanía- _xHistoria- _yS. XIX. _99325 |
|
| 830 | 0 |
_aBibliothèque d'histoire contemporaine _9180875 |
|
| 852 |
_aES-MaACL _jG-7540 |
||
| 999 |
_c48317 _d48317 |
||